Detroit Lions Starting Quarterbacks of Super Bowl Era - Statistics

General Stats
  • This quiz has been taken 151 times
    117 since last reset
  • The average score is 12 of 38
Answer Stats
Answer % Correct
Jared Goff
100%
Matthew Stafford
100%
Joey Harrington
75%
Jon Kitna
71%
Dan Orlovsky
67%
Scott Mitchell
67%
Rodney Peete
51%
Charlie Batch
49%
Shaun Hill
44%
Daunte Culpepper
42%
Andre Ware
40%
David Blough
40%
Erik Kramer
36%
Eric Hipple
33%
Greg Landry
30%
Tim Boyle
26%
Dave Krieg
25%
Gary Danielson
25%
Drew Stanton
23%
Chuck Long
21%
Jeff Driskel
21%
Mike McMahon
19%
Ty Detmer
18%
Jeff Garcia
16%
Bill Munson
15%
Gus Frerotte
15%
Jeff Komlo
15%
Bob Gagliano
14%
Milt Plum
12%
Frank Reich
11%
Rusty Hilger
11%
Don Majkowski
10%
Joe Reed
10%
Stoney Case
10%
Joe Ferguson
8%
Karl Sweetan
7%
John Witkowski
3%
Todd Hons
3%
No matching quizzes found
Score Distribution
Percent of People with Each Score
Percentile by Number Answered
Your Score History
You have not taken this quiz since the last reset